书目信息 |
| 题名: |
民用建筑通用规范 GB 55031-2022
|
|
| 作者: | 中华人民共和国住房和城乡建设部主编 ;国家市场监督管理总局批准 | |
| 分册: | ||
| 出版信息: | 北京 中国建筑工业出版社 2022.12 |
|
| 页数: | 8,68页 | |
| 开本: | 20cm | |
| 丛书名: | 中华人民共和国国家标准 | |
| 单 册: | ||
| 中图分类: | TU24-65 | |
| 科图分类: | ||
| 主题词: | 民用建筑--建筑设计 | |
| 电子资源: | ||
| ISBN: | ||
| 000 | 01226nam0 2200277 450 | |
| 001 | 499886 | |
| 005 | 20240515082853.02 | |
| 010 | @dCNY30.00 | |
| 091 | @a15112·38362 | |
| 100 | @a20220910d2022 km y0chiy0120 ea | |
| 101 | 0 | @achi |
| 102 | @aCN@b110000 | |
| 106 | @a@a@ar | |
| 200 | 1 | @a民用建筑通用规范 GB 55031-2022@Amin yong jian zhu tong yong gui fan GB 55031-2022@f中华人民共和国住房和城乡建设部主编,国家市场监督管理总局批准@FZhong Hua Ren Min Gong He Guo Zhu Fang He Cheng Xiang Jian She Bu Zhu Bian,Guo Jia Shi Chang Jian Du Guan Li Zong Ju Pi Zhun |
| 210 | @a北京@c中国建筑工业出版社@d2022.12 | |
| 215 | @a8,68页@d20cm | |
| 225 | 2 | @a中华人民共和国国家标准 |
| 300 | @a本标准由中华人民共和国住房和城乡建设部, 国家市场监督管理总局于 2022-07-15 联合发布, 2023-03-01 实施. | |
| 410 | 0 | @12001 @a中华人民共和国国家标准 |
| 510 | 1 | @a= General code for civil building |
| 606 | 0 | @a民用建筑@x建筑设计 |
| 690 | @aTU24-65@v4 | |
| 701 | 0 | @a中华人民共和国住房和城乡建设部主编@AZhong Hua Ren Min Gong He Guo Zhu Fang He Cheng Xiang Jian She Bu Zhu Bian |
| 711 | 02 | @a国家市场监督管理总局批准@AGuo Jia Shi Chang Jian Du Guan Li Zong Ju Pi Zhun |
| 801 | 0 | @aCN@c20220910 |
| 905 | @a河南城建学院图书馆@dTU24-65@eZ9113 | |
| 民用建筑通用规范 GB 55031-2022/中华人民共和国住房和城乡建设部主编,国家市场监督管理总局批准.-北京:中国建筑工业出版社,2022.12 |
| 8,68页;20cm.-(中华人民共和国国家标准) |
| 本标准由中华人民共和国住房和城乡建设部, 国家市场监督管理总局于 2022-07-15 联合发布, 2023-03-01 实施. |
| ISBN :CNY30.00 |
| ● |
| 相关链接 |
|
|
|
正题名:民用建筑通用规范 GB 55031-2022
索取号:TU24-65/Z9113
 
预约/预借
| 序号 | 登录号 | 条形码 | 馆藏地/架位号 | 状态 | 备注 |
| 1 | 1604557 | 216045571 | 建筑库101/101建筑库 57排7列2层/ [索取号:TU24-65/Z9113] | 在馆 | |
| 2 | 1604558 | 216045580 | 建筑库101/101建筑库 57排7列2层/ [索取号:TU24-65/Z9113] | 在馆 |